| 000 | 00800cam a22002174a 4500 | ||
|---|---|---|---|
| 003 | OCoLC | ||
| 005 | 20141119100017.0 | ||
| 008 | 991215s2000 flua j 000 0 eng | ||
| 010 | _a99087144 | ||
| 020 | _a0439403758 | ||
| 050 | 0 | 0 |
_aBJ 1661 _b.C44 2002 |
| 245 | 0 | 0 |
_aChicken soup for the teenage soul III : _bmore stories of life, love, and learning / _c[compiled by] Jack Canfield, Mark Victor Hansen, Kimberly Kirberger. |
| 260 |
_aNew York : _bScholastic, _cc2002. |
||
| 300 |
_axix, 369 pages : _billustrations ; _c22 cm. |
||
| 500 | _aOriginally published: Deerfield Beach, Fla. : Health Communications, c2000. | ||
| 650 | 0 |
_aTeenagers _xConduct of life. |
|
| 700 | 1 |
_aCanfield, Jack, _d1944- |
|
| 700 | 1 | _aHansen, Mark Victor. | |
| 700 | 1 |
_aKirberger, Kimberly, _d1953- |
|
| 942 |
_2lcc _cBK |
||
| 999 |
_c276803 _d276803 |
||